| 000 | 01247nac a22003257a 4500 | ||
|---|---|---|---|
| 001 | BR8200173 | ||
| 003 | BR-BrBNA | ||
| 005 | 20240105115213.0 | ||
| 008 | 230509b bl.|||m| |||| 00| 0 por d | ||
| 040 |
_aBR-BrBNA _bpor _cBiblioteca Nacional de Agricultura |
||
| 072 | _aK10 | ||
| 090 | _a3290 BR8200173 | ||
| 100 | 1 | _aCarpanezzi, A.A. | |
| 100 | 1 | _aMarques, L.C.T. | |
| 110 | 1 | _aCentro de Pesquisa Agropecuaria do Tropico Umido, Belem, PA (Brasil) | |
| 245 | 1 | _aGerminacao de sementes jutai-acu (Hymenaea courbaril L.)e de jutai-mirim (Hymenaea parvifolia Huber)escarificadas com acido sulfurico comercial [Para; Brasil] | |
| 246 | 1 | _a[Seed germination of Hymenaea courbaril L. and Hymenaea parvifolia Huber scarified with commercial sulphuric acid [Para; Brazil]] | |
| 260 | 3 |
_aBelem, PA (Brasil): _c1981. |
|
| 300 | _a15 p. | ||
| 490 |
_aCircular Tecnica - Centro de Pesquisa Agropecuaria do Tropico Umido (Brazil) _vno. 19 _xISSN 0100-7576 |
||
| 500 | _a8 ref.; Summaries (En, Pt) | ||
| 650 | _aProducao florestal | ||
| 650 | _aJatoba | ||
| 650 | _aSemente | ||
| 650 | _aGerminacao | ||
| 650 | _aEscarificacao | ||
| 650 | _aAcido sulfurico | ||
| 909 |
_a202312 _bLúcia Elande _c55 _dLúcia Elande |
||
| 942 |
_2AGRIS _n0 _cMS |
||
| 999 |
_c273637 _d273637 |
||